Loading...

Practice of social research: social work perspective

Bibliographic Details
Main Author: Lal Das, D. K.
Format: Printed Book
Language:English
Published: Jaipur: Rawat, 2017.
Edition:2nd
Subjects:
LEADER 00577nam a22001697a 4500
008 211207b |||||||| |||| 00| 0 eng d
020 |a 9788131608678  |c INR995 
082 |2 23  |a 300.72 
100 |9 1582051  |a Lal Das, D. K. 
245 |a Practice of social research:  |b social work perspective  |c D. K. Lal Das 
250 |a 2nd 
260 |a Jaipur:  |b Rawat,  |c 2017. 
300 |a 376p.  |c 21cm. 
653 |a Das, Lal D. K. 
942 |c BK 
999 |c 364255  |d 364255 
952 |0 0  |1 0  |2 ddc  |4 0  |6 300_720000000000000_LAL_P  |7 0  |9 424455  |a FLK  |b FLK  |c ST1  |d 2021-12-07  |i 5588  |o 300.72 LAL/P  |p FLK5588  |r 2021-12-07  |y BK